Prieskum spokojnosti zamestnancov

Spokojnosť zamestnancov odráža záujem zamestnávateľa o zamestnancov. Starostlivosť o zamestnancov sa prejaví v pozitívnom postoji zamestnancov k práci a k zamestnávateľovi. Dotazníkový prieskum spokojnosti zamestnancov a názorov na faktory motivácie. Forma dotazníkov, distribúcia, zber a spracovanie...

Full description

Saved in:
Bibliographic Details
Main Author: Olexová, Cecília, 1976-
Other Authors: Husťák, Milan
Format: Book Chapter
Language:Slovak
Subjects:
Tags: Add Tag
No Tags, Be the first to tag this record!

MARC

LEADER 00000naa a2200000 4500
001 0248923
005 20240502073959.9
041 0 |a slo 
044 |a SK 
245 1 0 |a Prieskum spokojnosti zamestnancov  |c Cecília Olexová, Milan Husťák 
520 |a Spokojnosť zamestnancov odráža záujem zamestnávateľa o zamestnancov. Starostlivosť o zamestnancov sa prejaví v pozitívnom postoji zamestnancov k práci a k zamestnávateľovi. Dotazníkový prieskum spokojnosti zamestnancov a názorov na faktory motivácie. Forma dotazníkov, distribúcia, zber a spracovanie dát. Vzor a postup tvorby dotazníka zameraného na dôležitosť faktorov motivácie a spokojnosť zamestnancov. Príklad ankety a vzorových výrokov na zistenie spokojnosti zamestnancov. 
610 2 0 |a dotazníky 
610 2 0 |a prieskum 
610 2 0 |a motivácia pracovná 
610 2 0 |a spokojnosť v práci 
610 2 0 |a zamestnanci 
610 2 0 |a zamestnávatelia 
610 2 0 |a dáta 
100 1 |a Olexová, Cecília, 1976- 
700 1 |a Husťák, Milan